Koštuřik, Pavel, 1946-1998. Eneolitické osídlení hradiska u Kramolína ve středoevropských souvislostech. - Brno : Ústav Archeologie a Muzeologie, Filozofická fak. Masarykovy univ.. - 2007 [Rezension]
| Titel: | Koštuřik, Pavel, 1946-1998. Eneolitické osídlení hradiska u Kramolína ve středoevropských souvislostech. - Brno : Ústav Archeologie a Muzeologie, Filozofická fak. Masarykovy univ.. - 2007 [Rezension] |
|---|---|
| Verfasser: | |
| In: |
Pravěk, Band 17 (2007), Seite 471-472 alle Artikel anzeigen |
| Veröffentlicht: | 2007 [2008] |
| Format: | Aufsatz |
| Sprache: | Tschechisch |
X
alg: 39525681
001A $01999:12-11-16
001B $01999:09-08-21 $t17:45:17.000
001D $01999:12-11-16
001U $0utf8
001X $00
002@ $0Aox
003@ $039525681X
007A $039525681X $aHEB
007T $0Herdp35466
010@ $acze
011@ $a2007 $n2007 [2008]
021A $aKoštuřik, Pavel, 1946-1998. Eneolitické osídlení hradiska u Kramolína ve středoevropských souvislostech. - Brno : Ústav Archeologie a Muzeologie, Filozofická fak. Masarykovy univ.. - 2007 [Rezension]
028A $aŠmíd $dMirek
031A $d17 $h471-472 $j2007
039B $aIn $8--Abvc--. Pravěk. - Brno {[u.a.] : Ústav Archeologické Památkové Péče Brno, 1903-. - ISSN 1211-8338 $x200700000170000529 $9047306319
039T $8--Aau--Koštuřik, Pavel$Z1946-1998 [Tp3]. Eneolitické osídlení hradiska u Kramolína ve středoevropských souvislostech. - Brno : Ústav Archeologie a Muzeologie, Filozofická fak. Masarykovy univ., 2007. - 310 S.. - Ill., graf. Darst., Kt.. - ISBN 978-80-210-4332-9 $9202916693
045F $a900.94371 $eDDC23BSB
045F/01 $a900
045F/03 $g4371
045T $a6,11 $a6,12
lok: 39525681 78
exp: 39525681 78 1 #EPN
201B/01 $026-11-17 $t04:28:26.000
201U/01 $0utf8
203@/01 $0791595137
208@/01 $a12-11-16 $be
209A/01 $a/ $f000 $x00
220C/01 $aHerkunft: Hú Av Čr Praha
244Z/01 $#Tschechien $#Tschechische Republik $#Tschechische Republik $#Tschechenland $#Tschechei Tschechien $#Česká Republika $#Czech Republic $#ČR $74303381-7 $8--Tg1--Tschechien $x01 $9086659812
244Z/01 $2Trx $#Böhmen $#Bohemia $#Czechy $8--Trx--Čechy $x02 $9391188941
244Z/01 $2Trx $#arvustused $#recenzijos $#Reviews $#recenziók $#recenzje $#recenzie $#recenze $8--Trx--Rezensionen $x03 $9391357441
247C/01 $82080>Marburg/Lahn, Herder-Institut, Forschungsbibliothek, Bibliographieportal $9336309341
| LEADER | 00000caa a22000002c 4500 | ||
|---|---|---|---|
| 001 | 39525681X | ||
| 003 | DE-603 | ||
| 005 | 20210809174517.0 | ||
| 007 | tu | ||
| 008 | 161112s2007 xx |||| | u00||u|cze c | ||
| 035 | |a (DE-599)HEB39525681X | ||
| 040 | |a DE-603 |b ger |c DE-603 |d DE-603 | ||
| 041 | |a cze | ||
| 082 | 0 | 4 | |8 1\u |a 900.94371 |q DE-101 |2 23/BSB |
| 084 | |a 6,11 |a 6,12 |2 ssgn | ||
| 085 | |8 1\u |b 900 | ||
| 085 | |8 1\u |z 2 |s 4371 | ||
| 100 | 1 | |a Šmíd, Mirek | |
| 245 | 0 | 0 | |a Koštuřik, Pavel, 1946-1998. Eneolitické osídlení hradiska u Kramolína ve středoevropských souvislostech. - Brno : Ústav Archeologie a Muzeologie, Filozofická fak. Masarykovy univ.. - 2007 [Rezension] |
| 264 | 0 | |c 2007 [2008] | |
| 773 | 0 | 8 | |i In |t Pravěk |d Brno [u.a.] : Ústav Archeologické Památkové Péče Brno, 1903- |x 1211-8338 |g Band 17 (2007), Seite 471-472 |w (DE-603)047306319 |w (DE-600)209024-7 |
| 787 | 0 | 8 | |i Rezension von |a Koštuřik, Pavel, 1946-1998 |t Eneolitické osídlení hradiska u Kramolína ve středoevropských souvislostech |d Brno : Ústav Archeologie a Muzeologie, Filozofická fak. Masarykovy univ., 2007 |h 310 S., Ill., graf. Darst., Kt. |z 9788021043329 |w (DE-603)202916693 |
| 924 | 0 | |9 2080 |a (DE-603)791595137 |b DE-2080 |c HES |d d |g / | |


